00482 2200169 4500245005600000020001800056250001100074100001500085650001600100005001900116260003400135041001400169084000800183300001500191500009700206336000900303 aDon't Give Me Chocolate Please !!cSerma DevihText a979-3778-17-2 aCet. 1 aSerma Devi aNovel Fiksi a20231006134559 aDepokbPustaka KataKitac2005 aIndonesia a813 a166 hlm. : atema cerita ini. sangat unik, menggambarkan perbedaan pandangan setiap orang tentang coklat. atext